Balatonlellére utazik az SZVSE

Elmentve itt :
Bibliográfiai részletek
Szerző: Solti Mihály
Dokumentumtípus: Cikk
Megjelent: 1970-01-10
Sorozat:Délmagyarország 60 No. 8
Kulcsszavak:Laczi Ferenc, Labdarúgás Szeged 1970, labdarúgás
Online Access:http://dmarchiv.bibl.u-szeged.hu/70381
LEADER 00485nab a2200157 i 4500
001 delm70381
005 20180927153655.0
008 180927s1970 hu o 0|| hun d
040 |a SZTE Délmagyarország Archívum  |b hun 
041 |a hun 
100 1 |a Solti Mihály 
245 1 0 |a Balatonlellére utazik az SZVSE  |h [elektronikus dokumentum] /  |c  Solti Mihály 
260 |c 1970-01-10 
300 |a 8 
490 0 |a Délmagyarország  |v 60 No. 8 
695 |a Laczi Ferenc, Labdarúgás Szeged 1970, labdarúgás